00397nam a2200097Ia 4500008004100000100004000041245009700081260004800178650001200226856006100238160909s9999 xx 000 0 und d aSoon-Ludes, Jeannette Irene Kiyoko, aDissonant belonging and the making of community: Native Hawaiian claims to selfhood and home bUniversity of Maryland, College Park.c2016 aTOURISM uhttp://pqdtopen.proquest.com/doc/1799981271.html?FMT=ABS